| 000 | 00432nam a2200133Ia 4500 | ||
|---|---|---|---|
| 003 | GCL | ||
| 008 | 140319s9999 xx 000 0 ara d | ||
| 040 |
_aGCL / _cGCL |
||
| 082 | 0 | 4 |
_a338.9 _bم ت |
| 245 | 1 | 0 | _aالتنمية الصناعية الغربية وسياسات الدول الصناعية حتى عام 2000 |
| 260 |
_a[S.N] : _bمركز دراسات الوحدة العربية ، _c1991 |
||
| 300 | _a237 ص | ||
| 490 | _a | ||
| 999 |
_c35571 _d35571 |
||